| Tag |
First Indicator |
Second Indicator |
Subfields |
| LEADER |
00000nam a2200000 i 4500 |
| 001 |
in00004792605 |
| 003 |
OCoLC |
| 005 |
20240522022923.8 |
| 006 |
m o d |
| 007 |
cr cnu---unuuu |
| 008 |
231006s2024 nyua ob 001 0 eng |
| 010 |
|
|
|a 2023028409
|
| 024 |
8 |
|
|a 40032307446
|
| 040 |
|
|
|a DLC
|b eng
|e rda
|c DLC
|d OCLCO
|d OCLCF
|d OCLCO
|d YDX
|
| 020 |
|
|
|a 9781479818914
|q electronic book
|
| 020 |
|
|
|a 1479818917
|q electronic book
|
| 020 |
|
|
|a 9781479818907
|q electronic book
|
| 020 |
|
|
|a 1479818909
|q electronic book
|
| 020 |
|
|
|z 9781479818884
|q hardcover
|
| 020 |
|
|
|z 9781479818891
|q paperback
|
| 035 |
|
|
|a (OCoLC)1409696493
|
| 042 |
|
|
|a pcc
|
| 050 |
|
4 |
|a QL87.5
|b .W44 2024
|
| 082 |
0 |
0 |
|a 591.6
|2 23/eng/20231117
|
| 245 |
0 |
0 |
|a When animals die :
|b examining justifications and envisioning justice /
|c edited by Katja M. Guenther and Julian Paul Keenan.
|
| 264 |
|
1 |
|a New York :
|b New York University Press,
|c [2024]
|
| 300 |
|
|
|a 1 online resource ( vi, 254 pages) :
|b illustrations.
|
| 336 |
|
|
|a text
|b txt
|2 rdacontent
|
| 337 |
|
|
|a computer
|b c
|2 rdamedia
|
| 338 |
|
|
|a online resource
|b cr
|2 rdacarrier
|
| 490 |
1 |
|
|a Animals in context
|
| 504 |
|
|
|a Includes bibliographical references and index.
|
| 505 |
2 |
|
|a Guinea pig life, death, and dying in Peru / Maria Elena Garcia -- Working towards livable lives through reproductive justice for community cats / Katja M. Guenther -- Roadkill, or the logic of sacrifice / Matthew Calarco.
|
| 588 |
|
|
|a Description based on online resource; title from digital title page (viewed on May 22, 2024).
|
| 650 |
|
0 |
|a Dead animals.
|
| 650 |
|
0 |
|a Animals
|x Mortality.
|
| 650 |
|
0 |
|a Animal rights.
|
| 650 |
|
0 |
|a Pets
|x Death.
|
| 650 |
|
0 |
|a Human-animal relationships.
|
| 650 |
|
6 |
|a Animaux morts.
|0 (CaQQLa)201-0311963
|
| 650 |
|
6 |
|a Animaux
|x Mortalité.
|0 (CaQQLa)201-0300706
|
| 650 |
|
6 |
|a Animaux
|x Droits.
|0 (CaQQLa)201-0200978
|
| 650 |
|
6 |
|a Animaux familiers
|x Mort.
|0 (CaQQLa)201-0125078
|
| 650 |
|
6 |
|a Relations homme-animal.
|0 (CaQQLa)201-0000979
|
| 650 |
|
7 |
|a Animal rights
|2 fast
|0 (OCoLC)fst00809364
|
| 650 |
|
7 |
|a Animals
|x Mortality
|2 fast
|0 (OCoLC)fst00809519
|
| 650 |
|
7 |
|a Dead animals
|2 fast
|0 (OCoLC)fst00888405
|
| 650 |
|
7 |
|a Human-animal relationships
|2 fast
|0 (OCoLC)fst00963482
|
| 650 |
|
7 |
|a Pets
|x Death
|2 fast
|0 (OCoLC)fst01059913
|
| 655 |
|
7 |
|a Electronic books.
|2 local
|
| 700 |
1 |
|
|a Guenther, Katja M.,
|d 1975-
|e editor.
|
| 700 |
1 |
|
|a Keenan, Julian Paul,
|e editor.
|
| 710 |
2 |
|
|a Walter de Gruyter & Co.
|
| 776 |
1 |
8 |
|i Print version:
|t When animals die
|d New York : New York University Press, [2024]
|z 9781479818884
|w (DLC) 2023028408
|
| 830 |
|
0 |
|a Animals in context.
|
| 856 |
4 |
0 |
|u http://proxy.library.tamu.edu/login?url=https://www.degruyter.com/isbn/9781479818914
|z Connect to the full text of this electronic book
|t 0
|
| 945 |
|
|
|b 93621
|
| 955 |
|
|
|a YBP purchased approval e-records
|
| 980 |
|
|
|b ebook
|c 40032307446
|f NONFIC/B
|g 565751
|k USD
|m 223.00
|q 1
|s AcqMono Conventional
|t Approval plan
|u Vendor order reference number
|v ZYBP
|y E-approvals
|z Electronic resource
|
| 999 |
f |
f |
|i d9339d92-ae0d-4e5b-9e2a-b1995779c4cc
|s 2efad844-9d02-4b50-a15b-bcc8982ce6a3
|t 0
|
| 952 |
f |
f |
|a Texas A&M University
|b College Station
|c Electronic Resources
|s www_evans
|d Available Online
|t 0
|e QL87.5 .W44 2024
|h Library of Congress classification
|